The Slim Shady LP - Statistics

General Stats
  • This quiz has been taken 11 times
  • The average score is 12 of 20
Answer Stats
Hint Answer % Correct
3 Guilty Conscience
100%
2 My Name Is
89%
11 My Fault
78%
1 Public Service Announcement
78%
7 '97 Bonnie and Clyde
67%
4 Brain damage
67%
6 If I Had
67%
10 Lounge(skit)
67%
5 Paul (skit)
67%
14 Rock Bottom
67%
9 Role Model
67%
19 Bad Meets Evil
56%
8 B*tch
56%
18 I'm Shady
56%
17 As the World Turns
44%
13 Come on Everybody
44%
12 Ken Kaniff(skit)
44%
16 Soap(skit)
44%
15 Just Don't Give a F*ck
22%
20 Still Don't Give a F*ck
22%
No matching quizzes found
Score Distribution
Percent of People with Each Score
Percentile by Number Answered
Your Score History
You have not taken this quiz